[Event "Liberec Desko op"]
[Site "Liberec"]
[Date "2020.07.22"]
[Round "6"]
[White "Kucera, Petr"]
[Black "Paulus, Vaclav"]
[Result "1-0"]
[WhiteElo "2214"]
[BlackElo "2039"]
[PlyCount "99"]
[EventDate "2020.07.18"]
[EventType "swiss"]
[EventRounds "9"]
[EventCountry "CZE"]
[SourceTitle "CBM 197 Extra"]
[Source "ChessBase"]
[SourceDate "2020.09.30"]
[SourceVersion "1"]
[SourceVersionDate "2020.09.30"]
[SourceQuality "1"]

1. d4 Nf6 2. c4 c5 3. Nf3 g6 4. Nc3 cxd4 5. Nxd4 Bg7 6. e4 d6 7. Be2 0-0 8. 0-0 Nc6 9. Be3 Bd7 10. Qd2 Nxd4 11. Bxd4 a5 12. Rad1 Bc6 13. Qe3 Nd7 14. Bxg7 Kxg7 15. Rfe1 Qb6 16. Qxb6 Nxb6 17. b3 Nd7 18. f4 f6 19. Bg4 Nc5 20. Nd5 Bxd5 21. Rxd5 Rad8 22. e5 fxe5 23. fxe5 Rf4 24. Bf3 b6 25. Re3 Rff8 26. a3 dxe5 27. Rdxe5 Rf7 28. b4 axb4 29. axb4 Nd3 30. Rd5 Rxd5 31. Bxd5 e6 32. Bxe6 Re7 33. Rxd3 Rxe6 34. Rd7+ Kf6 35. Rxh7 Ke5 36. Rh4 Rd6 37. Rg4 Kf5 38. h3 Rd3 39. Kf2 Rb3 40. b5 Rc3 41. Ke2 g5 42. Kd2 Rb3 43. Kc2 Re3 44. Rd4 Rg3 45. Rd6 Rxg2+ 46. Kc3 Rg3+ 47. Kb4 Rxh3 48. Rxb6 g4 49. Rb8 Rh6 50. Rg8 1-0